| 000 | 00594nam a22001817a 4500 | ||
|---|---|---|---|
| 005 | 20240725110434.0 | ||
| 010 | _aENG-140971 | ||
| 020 |
_c230.00 _a9788196563493 |
||
| 035 | _aEN-124503 | ||
| 037 | _bDBAD/PUB | ||
| 082 | _a332.1 | ||
| 100 |
_aKiranmayi ,Y.S And Devi Durga Uttam .A _968867 |
||
| 245 |
_aCOMPLETE FOUNDATION GUIDE _bFOR IIT-JEE MATHEMATICS / _cSANJEEV VERMA |
||
| 260 |
_aUttar Pradesh _bEURASIA PUBLISING HOUSE _c2019 |
||
| 270 |
_bUttar Pradesh _aD-92, Sector 2, Noida,Uttar Pradesh _e201301 |
||
| 300 |
_a466vpp. _c27(pb) |
||
| 942 |
_2ddc _cEN _h510 _mrma |
||
| 999 |
_c204420 _d204420 |
||